00534cam a22002057a 4500003000500000005001700005008004100022010001000063011001000073035001000083040000900093082001500102100003300117245004100150260005700191300001100248490002500259650001900284830002500303CHAP20220329141741.0971013s1965 r 00010 d a73332 a74304 a83863 cCHAP a633.2bH3600aHanson, Angus Alexandereed. 0aGrass varieties in the United States aWashington, D.C. :bDepartment of Agriculture,c1965 a102 p. 0aAgriculture handbook14aPastosxE.U.A.0 aAgriculture handbook